000 00347nam a2200145Ia 4500
008 230917s9999||||xx |||||||||||||| ||und||
040 _e71735
_aMAIN
041 _aEnglish
082 _a589.3 S87I
100 _aSouth, G Robin
245 0 _aIntroduction to phycology
260 _aOxford
_bBlackwell
_c1996
300 _avii, 341 p.
942 _cBK
999 _c92943
_d92943